Statistiche per Riconosci la Squadra di calcio - Quiz n°10

Clicka qui per fare il quiz!

Statistiche generali

  • Questo quiz è stato fatto 12 volte
  • Il punteggio medio è 6 su 10

Statistiche sulle risposte

IndizioRisposta% Corretto
Colori socialiBlu, bianco
100%
Titoli nazionali27 Campionati svizzeri
89%
SimboliCavalletta
78%
Trofei nazionali3 Campionati di Lega Nazionale B
67%
Divisione nazionale 2023-2024Prima
67%
Trofei internazionali19 Coppe Svizzera
2 Coppe di Lega
1 Supercoppa di Svizzera
44%
Fondazione1886
33%
Capienza Stadio26 800 posti
33%
ConfederazioneUEFA
33%
SquadraGrasshopper
22%

Distribuzione punteggi

Percentile per numero di risposta

Percentuale di utenti per punteggio

I tuoi punteggi nel tempo

Non hai fatto questo quiz